| 000 -ლიდერი |
| ფიქსირებული სიგრძის საკონტროლო ველი |
01309nam a2200289Ia 4500 |
| 001 - საკონტროლო ნომერი |
| საკონტროლო ველი |
23348 |
| 003 - საკონტროლო ნომრის იდენტიფიკატორი |
| საკონტროლო ველი |
GE_BSU |
| 005 - ბოლო ოპერაციის თარიღი და დრო |
| საკონტროლო ველი |
20260112203043.0 |
| 008 - ფიქსირებული სიგრძის მონაცემთა ელემენტები - ზოგადი ინფორმაცია |
| ფიქსირებული სიგრძის საკონტროლო ველი |
181216s1959||||ge |||||||||||||| ||geo|| |
| 040 ## - კატალოგიზაციის წყარო |
| Transcribing agency |
GE_BSU |
| 041 ## - ენის კოდი |
| Language code of text/sound track or separate title |
geo |
| 080 ## - უნივერსალური ათობითი კლასიფიკაციის ინდექსი |
| Universal Decimal Classification number |
94(479.22)".../05" + 929.731(479.22)(ვახტანგ გორგასალი) კ-17 |
| 100 ## - მთავარი ჩანაწერი - პიროვნების სახელი |
| Personal name |
კაკაბაძე, ს. (სარგის) |
| 9 (RLIN) |
26651 |
| 245 ## - ცნობა სათაურის შესახებ |
| Title |
ვახტანგ გორგასალი : |
| Remainder of title |
[მონოგრაფია] / |
| Statement of responsibility, etc |
ს. კაკაბაძე ; რედ.: თ.ციხისთავი. |
| 264 ## - წარმოების, გამოცემის, დისტრიბუციის და სხვა ცნობები |
| გამოცემის, წარმოების, დისტრიბუციის... ადგილი |
თბილისი : |
| გამოცემის, წარმოების, დისტრიბუციის... სახელწოდება |
ცოდნა, |
| გამოცემის, წარმოების, დისტრიბუციის... თარიღი |
1959. |
| 300 ## - ფიზიკური აღწერა |
| Extent |
86 გვ. ; |
| Other physical details |
ილ; |
| Dimensions |
21 სმ. |
| 504 ## - BIBLIOGRAPHY, ETC. NOTE |
| Bibliography, etc |
ბიბლიოგრ. შენიშვნებში |
| 653 ## - INDEX TERM--UNCONTROLLED |
| Uncontrolled term |
ვახტანგ გორგასალი |
| 653 ## - INDEX TERM--UNCONTROLLED |
| Uncontrolled term |
[მონოგრაფია] |
| 653 ## - INDEX TERM--UNCONTROLLED |
| Uncontrolled term |
ვახტანგ გორგასალი |
| 653 ## - INDEX TERM--UNCONTROLLED |
| Uncontrolled term |
ქართველი მეფეები |
| 653 ## - INDEX TERM--UNCONTROLLED |
| Uncontrolled term |
საქართველოს ისტორია |
| 653 ## - INDEX TERM--UNCONTROLLED |
| Uncontrolled term |
საქართველოს ისტორია |
| 700 ## - ADDED ENTRY--PERSONAL NAME |
| Personal name |
ციხისთავი, თ. |
| Relator term |
რედაქტორი |
| 9 (RLIN) |
26652 |
| 942 ## - ADDED ENTRY ELEMENTS (KOHA) |
| Koha item type |
წიგნი |
| Source of classification or shelving scheme |
|